Membres de Stray kids - Statistiques

Statistiques générales
  • Ce quiz a été pris 1 465 fois
  • Le résultat moyen est 7 sur 8
Statistiques - réponses
Hint Réponse % Correct
F Félix
100%
B C Bang chan
98%
L K Lee Know
97%
H Han
96%
I I.N
96%
C Changbin
94%
H Hyunjin
93%
S Seugmin
71%
Aucun quiz correspondant
Distribution des résultats
% des personnes avec chaque résultat
Percentile par nombre de réponses
Votre historique - résultats
Vous n’avez pas pris ce quiz